00813nam a2200205 4500001000700000003000900007005001700016007000300033008004100036100002900077245012600106260005700232300002900289490004000318700002800358830004800386852003200434999001900466952012200485148098ES-MaACL20230906202429.0t|070214s1972 sp r ||||1| spa d1 aSting, Hellmuth.910823110aMódulo de vivienda y grupo residencial b: tipologías / cHellmuth Sting ; [versión de Juan J. Garrido Ibáñez]. aBarcelona : bGustavo Gili, c[1972] (fFerrer Coll) a44 p. : bil. ; c27 cm.1 aTemas de Arquitectura actual ; v111 aGarrido, Juan J.9556760 aTemas de Arquitectura actual ; v119187499 aES-MaACLjC-43003 bR.82559 c148098d148098 00104070aATENEOMbATENEOMcDEPO2d2008-01-17eSCl0oC-43003p1154555r2023-02-23 00:00:00w2023-02-23yMONOGRAFIA